| 000 | 00387nam a22001217a 4500 | ||
|---|---|---|---|
| 082 | _a220 PRO | ||
| 100 |
_aNOUMAN, FAHAD NAWAZ, HAFIZ MUHAMMAD REHAN _972480 |
||
| 245 | _aPR-SOF-1198-DIGITIZATION OF UNIVERSAL TEST BENCH FOR TURBO SHAFT JET ENGINES l | ||
| 260 |
_aISLAMABAD _bNUST COLLEGE OF EME _c2012 |
||
| 650 | _a DE-ELECT-30 | ||
| 700 |
_aLt. Col. Tahir. Zaidi _972481 |
||
| 942 | _cCR | ||
| 999 |
_c578498 _d578498 |
||